{"text_format":"3","workbook":"xlsx","n_sheets":1,"sheets":["Протокол"],"read":"whole","date_system":"1900"}

{"sheet":"Протокол","index":0,"n_rows":78,"n_cols":15,"rows_kept":78}
["№","Фамилия","Имя","Отчество","Пол","Класс обучения","Класс участия","Балл","Макс. балл","Статус","Призер прошлого года","Учитель","Предмет","Дата проведения","Наименование ОУ"]
[2,"Загрутдинов","Инсаф","Мисхатович","М",8,8,23,64,"участник","нет","Магомедов РусланГаябекович","Технология","09.10.2020","Муниципальное бюджетное общеобразовательное учреждение «Средняя общеобразовательная школа №37» Нижнекамского муниципального района Республики Татарстан"]
[4,"Котков","Дмитрий","Александрович","М",8,8,24,64,"участник","нет","Магомедов РусланГаябекович","Технология","09.10.2020","Муниципальное бюджетное общеобразовательное учреждение «Средняя общеобразовательная школа №37» Нижнекамского муниципального района Республики Татарстан"]
[5,"Мингачев","Алмаз","Рахипович","М",8,8,25,64,"участник","нет","Магомедов РусланГаябекович","Технология","09.10.2020","Муниципальное бюджетное общеобразовательное учреждение «Средняя общеобразовательная школа №37» Нижнекамского муниципального района Республики Татарстан"]
[7,"Галиев","Ильгизар","Ильнарович","М",8,8,54,64,"победитель","нет","Магомедов РусланГаябекович","Технология","09.10.2020","Муниципальное бюджетное общеобразовательное учреждение «Средняя общеобразовательная школа №37» Нижнекамского муниципального района Республики Татарстан"]
[8,"Галимов","Никита","Евгеньевич","М",8,8,52,64,"призер","нет","Магомедов РусланГаябекович","Технология","09.10.2020","Муниципальное бюджетное общеобразовательное учреждение «Средняя общеобразовательная школа №37» Нижнекамского муниципального района Республики Татарстан"]
[9,"Забродин","Данил","Максимович","М",8,8,19,64,"участник","нет","Магомедов РусланГаябекович","Технология","09.10.2020","Муниципальное бюджетное общеобразовательное учреждение «Средняя общеобразовательная школа №37» Нижнекамского муниципального района Республики Татарстан"]
[10,"Козлов","Ярослав","Николаевич","М",8,8,22,64,"участник","нет","Магомедов РусланГаябекович","Технология","09.10.2020","Муниципальное бюджетное общеобразовательное учреждение «Средняя общеобразовательная школа №37» Нижнекамского муниципального района Республики Татарстан"]
[11,"Лумпов","Тимур","Львович","М",8,8,18,64,"участник","нет","Магомедов РусланГаябекович","Технология","09.10.2020","Муниципальное бюджетное общеобразовательное учреждение «Средняя общеобразовательная школа №37» Нижнекамского муниципального района Республики Татарстан"]
[16,"Гимазов","Данил","Ленарович","М",7,7,28,64,"участник","нет","Магомедов РусланГаябекович","Технология","09.10.2020","Муниципальное бюджетное общеобразовательное учреждение «Средняя общеобразовательная школа №37» Нижнекамского муниципального района Республики Татарстан"]
[22,"Бардашов","Матвей","Сергеевич","М",7,7,15,64,"участник","нет","Магомедов РусланГаябекович","Технология","09.10.2020","Муниципальное бюджетное общеобразовательное учреждение «Средняя общеобразовательная школа №37» Нижнекамского муниципального района Республики Татарстан"]
[23,"Волков","Никита","Витальевич","М",7,7,24,64,"участник","нет","Магомедов РусланГаябекович","Технология","09.10.2020","Муниципальное бюджетное общеобразовательное учреждение «Средняя общеобразовательная школа №37» Нижнекамского муниципального района Республики Татарстан"]
[24,"Горин","Петр","Олегович","М",7,7,26,64,"участник","нет","Магомедов РусланГаябекович","Технология","09.10.2020","Муниципальное бюджетное общеобразовательное учреждение «Средняя общеобразовательная школа №37» Нижнекамского муниципального района Республики Татарстан"]
[25,"Исмагилов","Амир","Эдуардович","М",7,7,17,64,"участник","нет","Магомедов РусланГаябекович","Технология","09.10.2020","Муниципальное бюджетное общеобразовательное учреждение «Средняя общеобразовательная школа №37» Нижнекамского муниципального района Республики Татарстан"]
[26,"Николаев","Владислав","Юрьевич","М",7,7,20,64,"участник","нет","Магомедов РусланГаябекович","Технология","09.10.2020","Муниципальное бюджетное общеобразовательное учреждение «Средняя общеобразовательная школа №37» Нижнекамского муниципального района Республики Татарстан"]
[28,"Юсупов","Адель","Наилевич","М",7,7,22,64,"участник","нет","Магомедов РусланГаябекович","Технология","09.10.2020","Муниципальное бюджетное общеобразовательное учреждение «Средняя общеобразовательная школа №37» Нижнекамского муниципального района Республики Татарстан"]
[31,"Бахтигаряев","Амир","Рустемович","М",7,7,23,64,"участник","нет","Магомедов РусланГаябекович","Технология","09.10.2020","Муниципальное бюджетное общеобразовательное учреждение «Средняя общеобразовательная школа №37» Нижнекамского муниципального района Республики Татарстан"]
[37,"Чупашов","Егор","Валерьевич","М",7,7,26,64,"участник","нет","Магомедов РусланГаябекович","Технология","09.10.2020","Муниципальное бюджетное общеобразовательное учреждение «Средняя общеобразовательная школа №37» Нижнекамского муниципального района Республики Татарстан"]
[41,"Багашев","Булат","Марселевич","М",6,6,14,55,"участник","нет","Магомедов РусланГаябекович","Технология","09.10.2020","Муниципальное бюджетное общеобразовательное учреждение «Средняя общеобразовательная школа №37» Нижнекамского муниципального района Республики Татарстан"]
[42,"Лапко","Никита","Сергеевич","М",6,6,22,55,"участник","нет","Магомедов РусланГаябекович","Технология","09.10.2020","Муниципальное бюджетное общеобразовательное учреждение «Средняя общеобразовательная школа №37» Нижнекамского муниципального района Республики Татарстан"]
[43,"Хайдаров","Эмиль","Альфредович","М",6,6,15,55,"участник","нет","Магомедов РусланГаябекович","Технология","09.10.2020","Муниципальное бюджетное общеобразовательное учреждение «Средняя общеобразовательная школа №37» Нижнекамского муниципального района Республики Татарстан"]
[60,"Мухлисов","Айнур","Ренатович","М",5,5,16,55,"участник","нет","Магомедов РусланГаябекович","Технология","09.10.2020","Муниципальное бюджетное общеобразовательное учреждение «Средняя общеобразовательная школа №37» Нижнекамского муниципального района Республики Татарстан"]
[61,"Орехов","Станислав","Владимирович","М",5,5,20,55,"участник","нет","Магомедов РусланГаябекович","Технология","09.10.2020","Муниципальное бюджетное общеобразовательное учреждение «Средняя общеобразовательная школа №37» Нижнекамского муниципального района Республики Татарстан"]
[65,"Гирфанов","Тимур","Ильдарович","М",5,5,26,55,"участник","нет","Магомедов РусланГаябекович","Технология","09.10.2020","Муниципальное бюджетное общеобразовательное учреждение «Средняя общеобразовательная школа №37» Нижнекамского муниципального района Республики Татарстан"]
[71,"Яппаров","Камиль","Рамилевич","М",5,5,12,55,"участник","нет","Магомедов РусланГаябекович","Технология","09.10.2020","Муниципальное бюджетное общеобразовательное учреждение «Средняя общеобразовательная школа №37» Нижнекамского муниципального района Республики Татарстан"]
[74,"Садыков","Имир","Фанзилевич","М",5,5,20,55,"участник","нет","Магомедов РусланГаябекович","Технология","09.10.2020","Муниципальное бюджетное общеобразовательное учреждение «Средняя общеобразовательная школа №37» Нижнекамского муниципального района Республики Татарстан"]
[75,"Кузнецов","Вячеслав","Евгеньевич","М",5,5,16,55,"участник","нет","Магомедов РусланГаябекович","Технология","09.10.2020","Муниципальное бюджетное общеобразовательное учреждение «Средняя общеобразовательная школа №37» Нижнекамского муниципального района Республики Татарстан"]
[76,"Сунгатуллин","Ильяс","Ильгизарович","М",5,5,15,55,"участник","нет","Магомедов РусланГаябекович","Технология","09.10.2020","Муниципальное бюджетное общеобразовательное учреждение «Средняя общеобразовательная школа №37» Нижнекамского муниципального района Республики Татарстан"]
[77,"Мирзафатихов","Риваль","Русланович","М",7,7,24,55,"участник","нет","Магомедов РусланГаябекович","Технология","09.10.2020","Муниципальное бюджетное общеобразовательное учреждение «Средняя общеобразовательная школа №37» Нижнекамского муниципального района Республики Татарстан"]
[1,"Войнова","Валерия","Сергеевна","Ж",8,8,51,89,"призер","нет","Сухова МарияАнатольевна","Технология","09.10.2020","Муниципальное бюджетное общеобразовательное учреждение «Средняя общеобразовательная школа №37» Нижнекамского муниципального района Республики Татарстан"]
[3,"Косова","Екатерина","Алексеевна","Ж",8,8,35,89,"участник","нет","Сухова МарияАнатольевна","Технология","09.10.2020","Муниципальное бюджетное общеобразовательное учреждение «Средняя общеобразовательная школа №37» Нижнекамского муниципального района Республики Татарстан"]
[6,"Садыкова","Самира","Ренатовна","Ж",8,8,38,89,"участник","нет","Сухова МарияАнатольевна","Технология","09.10.2020","Муниципальное бюджетное общеобразовательное учреждение «Средняя общеобразовательная школа №37» Нижнекамского муниципального района Республики Татарстан"]
[12,"Чернова","Аделина","Андреевна","Ж",8,8,67,89,"победитель","нет","Сухова МарияАнатольевна","Технология","09.10.2020","Муниципальное бюджетное общеобразовательное учреждение «Средняя общеобразовательная школа №37» Нижнекамского муниципального района Республики Татарстан"]
[13,"Юдина","Юлиана","Владимировна","Ж",8,8,21,89,"участник","нет","Сухова МарияАнатольевна","Технология","09.10.2020","Муниципальное бюджетное общеобразовательное учреждение «Средняя общеобразовательная школа №37» Нижнекамского муниципального района Республики Татарстан"]
[14,"Васильева","Мария","Антоновна","Ж",7,7,25,89,"участник","нет","Сухова МарияАнатольевна","Технология","09.10.2020","Муниципальное бюджетное общеобразовательное учреждение «Средняя общеобразовательная школа №37» Нижнекамского муниципального района Республики Татарстан"]
[15,"Гильманова","Камила","Алмазовна","Ж",7,7,53,89,"победитель","нет","Сухова МарияАнатольевна","Технология","09.10.2020","Муниципальное бюджетное общеобразовательное учреждение «Средняя общеобразовательная школа №37» Нижнекамского муниципального района Республики Татарстан"]
[17,"Жаркова","Дарья","Дмитриевна","Ж",7,7,46,89,"призер","нет","Сухова МарияАнатольевна","Технология","09.10.2020","Муниципальное бюджетное общеобразовательное учреждение «Средняя общеобразовательная школа №37» Нижнекамского муниципального района Республики Татарстан"]
[18,"Сабирзянова","Камиля","Ленаровна","Ж",7,7,19,89,"участник","нет","Сухова МарияАнатольевна","Технология","09.10.2020","Муниципальное бюджетное общеобразовательное учреждение «Средняя общеобразовательная школа №37» Нижнекамского муниципального района Республики Татарстан"]
[19,"Сабирова","Аделя","Наилевна","Ж",7,7,21,89,"участник","нет","Сухова МарияАнатольевна","Технология","09.10.2020","Муниципальное бюджетное общеобразовательное учреждение «Средняя общеобразовательная школа №37» Нижнекамского муниципального района Республики Татарстан"]
[20,"Смелова","Таисия","Алексеевна","Ж",7,7,32,89,"участник","нет","Сухова МарияАнатольевна","Технология","09.10.2020","Муниципальное бюджетное общеобразовательное учреждение «Средняя общеобразовательная школа №37» Нижнекамского муниципального района Республики Татарстан"]
[21,"Шарипова","Самира","Ринатовна","Ж",7,7,30,89,"участник","нет","Сухова МарияАнатольевна","Технология","09.10.2020","Муниципальное бюджетное общеобразовательное учреждение «Средняя общеобразовательная школа №37» Нижнекамского муниципального района Республики Татарстан"]
[27,"Халилова","Эльвина","Рамисовна","Ж",7,7,24,89,"участник","нет","Сухова МарияАнатольевна","Технология","09.10.2020","Муниципальное бюджетное общеобразовательное учреждение «Средняя общеобразовательная школа №37» Нижнекамского муниципального района Республики Татарстан"]
[29,"Ахунова","Самира","Ильсуровна","Ж",7,7,27,89,"участник","нет","Сухова МарияАнатольевна","Технология","09.10.2020","Муниципальное бюджетное общеобразовательное учреждение «Средняя общеобразовательная школа №37» Нижнекамского муниципального района Республики Татарстан"]
[30,"Баглаева","Любовь","Сергеевна","Ж",7,7,21,89,"участник","нет","Сухова МарияАнатольевна","Технология","09.10.2020","Муниципальное бюджетное общеобразовательное учреждение «Средняя общеобразовательная школа №37» Нижнекамского муниципального района Республики Татарстан"]
[32,"Газеева","Арина","Маратовна","Ж",7,7,34,89,"участник","нет","Сухова МарияАнатольевна","Технология","09.10.2020","Муниципальное бюджетное общеобразовательное учреждение «Средняя общеобразовательная школа №37» Нижнекамского муниципального района Республики Татарстан"]
[33,"Грязнова","Анна","Андреевна","Ж",7,7,29,89,"участник","нет","Сухова МарияАнатольевна","Технология","09.10.2020","Муниципальное бюджетное общеобразовательное учреждение «Средняя общеобразовательная школа №37» Нижнекамского муниципального района Республики Татарстан"]
[34,"Софронова","Софья","Вячеславовна","Ж",7,7,33,89,"участник","нет","Сухова МарияАнатольевна","Технология","09.10.2020","Муниципальное бюджетное общеобразовательное учреждение «Средняя общеобразовательная школа №37» Нижнекамского муниципального района Республики Татарстан"]
[35,"Хамидуллина","Адиля","Алмазовна","Ж",7,7,28,89,"участник","нет","Сухова МарияАнатольевна","Технология","09.10.2020","Муниципальное бюджетное общеобразовательное учреждение «Средняя общеобразовательная школа №37» Нижнекамского муниципального района Республики Татарстан"]
[36,"Чекашова","Алина","Дмитриевна","Ж",7,7,29,89,"участник","нет","Сухова МарияАнатольевна","Технология","09.10.2020","Муниципальное бюджетное общеобразовательное учреждение «Средняя общеобразовательная школа №37» Нижнекамского муниципального района Республики Татарстан"]
[38,"Ахтямова","Диляра","Айратовна","Ж",6,6,20,65,"участник","нет","Сухова МарияАнатольевна","Технология","09.10.2020","Муниципальное бюджетное общеобразовательное учреждение «Средняя общеобразовательная школа №37» Нижнекамского муниципального района Республики Татарстан"]
[39,"Буданова","Валерия","Евгеньевна","Ж",6,6,30,65,"участник","нет","Сухова МарияАнатольевна","Технология","09.10.2020","Муниципальное бюджетное общеобразовательное учреждение «Средняя общеобразовательная школа №37» Нижнекамского муниципального района Республики Татарстан"]
[40,"Тузеева","Лейла","Руслановна","Ж",6,6,17,65,"участник","нет","Сухова МарияАнатольевна","Технология","09.10.2020","Муниципальное бюджетное общеобразовательное учреждение «Средняя общеобразовательная школа №37» Нижнекамского муниципального района Республики Татарстан"]
[44,"Антипова","Ксения","Руслановна","Ж",6,6,21,65,"участник","нет","Сухова МарияАнатольевна","Технология","09.10.2020","Муниципальное бюджетное общеобразовательное учреждение «Средняя общеобразовательная школа №37» Нижнекамского муниципального района Республики Татарстан"]
[45,"Гилазиева","Элина","Алмазовна","Ж",6,6,28,65,"участник","нет","Сухова МарияАнатольевна","Технология","09.10.2020","Муниципальное бюджетное общеобразовательное учреждение «Средняя общеобразовательная школа №37» Нижнекамского муниципального района Республики Татарстан"]
[46,"Маликова","Ралина","Рамилевна","Ж",6,6,16.5,65,"участник","нет","Сухова МарияАнатольевна","Технология","09.10.2020","Муниципальное бюджетное общеобразовательное учреждение «Средняя общеобразовательная школа №37» Нижнекамского муниципального района Республики Татарстан"]
[47,"Милкова","Кристина","Евгеньевна","Ж",6,6,26.5,65,"участник","нет","Сухова МарияАнатольевна","Технология","09.10.2020","Муниципальное бюджетное общеобразовательное учреждение «Средняя общеобразовательная школа №37» Нижнекамского муниципального района Республики Татарстан"]
[48,"Меликян","Кира","Артуровна","Ж",6,6,19,65,"участник","нет","Сухова МарияАнатольевна","Технология","09.10.2020","Муниципальное бюджетное общеобразовательное учреждение «Средняя общеобразовательная школа №37» Нижнекамского муниципального района Республики Татарстан"]
[49,"Нургалиева","Дарина","Айнуровна","Ж",6,6,22,65,"участник","нет","Сухова МарияАнатольевна","Технология","09.10.2020","Муниципальное бюджетное общеобразовательное учреждение «Средняя общеобразовательная школа №37» Нижнекамского муниципального района Республики Татарстан"]
[50,"Гатиятуллина","Эльвина","Раилевна","Ж",6,6,19,65,"участник","нет","Сухова МарияАнатольевна","Технология","09.10.2020","Муниципальное бюджетное общеобразовательное учреждение «Средняя общеобразовательная школа №37» Нижнекамского муниципального района Республики Татарстан"]
[51,"Ибрагимова","Мария","Вячеславовна","Ж",6,6,20,65,"участник","нет","Сухова МарияАнатольевна","Технология","09.10.2020","Муниципальное бюджетное общеобразовательное учреждение «Средняя общеобразовательная школа №37» Нижнекамского муниципального района Республики Татарстан"]
[52,"Игошева","Ульяна","Денисовна","Ж",6,6,22,65,"участник","нет","Сухова МарияАнатольевна","Технология","09.10.2020","Муниципальное бюджетное общеобразовательное учреждение «Средняя общеобразовательная школа №37» Нижнекамского муниципального района Республики Татарстан"]
[53,"Хисамова","Динара","Ильназовна","Ж",6,6,19,65,"участник","нет","Сухова МарияАнатольевна","Технология","09.10.2020","Муниципальное бюджетное общеобразовательное учреждение «Средняя общеобразовательная школа №37» Нижнекамского муниципального района Республики Татарстан"]
[54,"Аглямова","Диля","Ленаровна","Ж",5,5,17,65,"участник","нет","Сухова МарияАнатольевна","Технология","09.10.2020","Муниципальное бюджетное общеобразовательное учреждение «Средняя общеобразовательная школа №37» Нижнекамского муниципального района Республики Татарстан"]
[55,"Баширова","Эльвина","Ильназовна","Ж",5,5,29,65,"участник","нет","Сухова МарияАнатольевна","Технология","09.10.2020","Муниципальное бюджетное общеобразовательное учреждение «Средняя общеобразовательная школа №37» Нижнекамского муниципального района Республики Татарстан"]
[56,"Горушева","Ника","Антоновна","Ж",5,5,29,65,"участник","нет","Сухова МарияАнатольевна","Технология","09.10.2020","Муниципальное бюджетное общеобразовательное учреждение «Средняя общеобразовательная школа №37» Нижнекамского муниципального района Республики Татарстан"]
[57,"Миниахметова","Эльвина","Маратовна","Ж",5,5,23,65,"участник","нет","Сухова МарияАнатольевна","Технология","09.10.2020","Муниципальное бюджетное общеобразовательное учреждение «Средняя общеобразовательная школа №37» Нижнекамского муниципального района Республики Татарстан"]
[58,"Нургалеева","Амина","Линаровна","Ж",5,5,30,65,"участник","нет","Сухова МарияАнатольевна","Технология","09.10.2020","Муниципальное бюджетное общеобразовательное учреждение «Средняя общеобразовательная школа №37» Нижнекамского муниципального района Республики Татарстан"]
[59,"Мингазова","Рената","Ленаровна","Ж",5,5,23,65,"участник","нет","Сухова МарияАнатольевна","Технология","09.10.2020","Муниципальное бюджетное общеобразовательное учреждение «Средняя общеобразовательная школа №37» Нижнекамского муниципального района Республики Татарстан"]
[62,"Хузяхметова","Сабина","Рафиловна","Ж",5,5,20,65,"участник","нет","Сухова МарияАнатольевна","Технология","09.10.2020","Муниципальное бюджетное общеобразовательное учреждение «Средняя общеобразовательная школа №37» Нижнекамского муниципального района Республики Татарстан"]
[63,"Алиева","Айгуль","Айратовна","Ж",5,5,25,65,"участник","нет","Сухова МарияАнатольевна","Технология","09.10.2020","Муниципальное бюджетное общеобразовательное учреждение «Средняя общеобразовательная школа №37» Нижнекамского муниципального района Республики Татарстан"]
[64,"Гильманова","Самина","Рустемовна","Ж",5,5,27,65,"участник","нет","Сухова МарияАнатольевна","Технология","09.10.2020","Муниципальное бюджетное общеобразовательное учреждение «Средняя общеобразовательная школа №37» Нижнекамского муниципального района Республики Татарстан"]
[66,"Давлетшина","Диляра","Альбертовна","Ж",5,5,49,65,"победитель","нет","Сухова МарияАнатольевна","Технология","09.10.2020","Муниципальное бюджетное общеобразовательное учреждение «Средняя общеобразовательная школа №37» Нижнекамского муниципального района Республики Татарстан"]
[67,"Имамиева","Камилла","Ришатовна","Ж",5,5,21,65,"участник","нет","Сухова МарияАнатольевна","Технология","09.10.2020","Муниципальное бюджетное общеобразовательное учреждение «Средняя общеобразовательная школа №37» Нижнекамского муниципального района Республики Татарстан"]
[68,"Каримова","Индира","Ленаровна","Ж",5,5,23,65,"участник","нет","Сухова МарияАнатольевна","Технология","09.10.2020","Муниципальное бюджетное общеобразовательное учреждение «Средняя общеобразовательная школа №37» Нижнекамского муниципального района Республики Татарстан"]
[69,"Усманова","Малика","Айратовна","Ж",5,5,38,65,"призер","нет","Сухова МарияАнатольевна","Технология","09.10.2020","Муниципальное бюджетное общеобразовательное учреждение «Средняя общеобразовательная школа №37» Нижнекамского муниципального района Республики Татарстан"]
[70,"Фаттахова","Лейла","Ильшатовна","Ж",5,5,22,65,"участник","нет","Сухова МарияАнатольевна","Технология","09.10.2020","Муниципальное бюджетное общеобразовательное учреждение «Средняя общеобразовательная школа №37» Нижнекамского муниципального района Республики Татарстан"]
[72,"Ермолаева","Дарья","Александровна","Ж",5,5,18,65,"участник","нет","Сухова МарияАнатольевна","Технология","09.10.2020","Муниципальное бюджетное общеобразовательное учреждение «Средняя общеобразовательная школа №37» Нижнекамского муниципального района Республики Татарстан"]
[73,"Маркелова","Милена","Александровна","Ж",5,5,29,65,"участник","нет","Сухова МарияАнатольевна","Технология","09.10.2020","Муниципальное бюджетное общеобразовательное учреждение «Средняя общеобразовательная школа №37» Нижнекамского муниципального района Республики Татарстан"]